[Event "NED-ch 1998 sf"]
[Site "Enschede"]
[Date "1998.01.10"]
[Round "8"]
[White "Janssen, Ruud"]
[Black "Van Baarle, John"]
[Result "1/2-1/2"]
[WhiteElo "2290"]
[BlackElo "2295"]
[PlyCount "99"]
[EventDate "1998.01.03"]
[Source "ChessBase"]
[SourceDate "1998.03.09"]

1. d4 Nf6 2. c4 e6 3. Nf3 b6 4. e3 Bb7 5. Bd3 Be7 6. O-O O-O 7. Nc3 d5 8. Qc2
Nbd7 9. b3 Ne4 10. Bb2 Nxc3 11. Bxc3 Nf6 12. Rac1 dxc4 13. Bxc4 Ba3 14. Bb2 Qe7
15. Bb5 Bxb2 16. Qxb2 Qd6 17. Qc2 c6 18. Bd3 h6 19. Rfd1 Rac8 20. Qb2 a5 21.
Ne5 Qe7 22. Nc4 Nd7 23. Be4 Ba8 24. Bf3 Rfd8 25. e4 c5 26. d5 exd5 27. exd5 Qf8
28. Re1 Rb8 29. Rcd1 Bb7 30. Qc2 Ba6 31. Qf5 Bxc4 32. bxc4 Nf6 33. Rb1 Ne8 34.
Be4 g6 35. Qg4 Nd6 36. Bd3 Qg7 37. Re7 Qf6 38. Rbe1 Re8 39. Rxe8+ Rxe8 40.
Rxe8+ Nxe8 41. h4 h5 42. Qd7 Kf8 43. g3 Qd6 44. Qc8 Ke7 45. Bf1 Nf6 46. Qb7+
Kf8 47. Qc8+ Ke7 48. Qb7+ Kf8 49. Qc6 Ke7 50. Qb7+ 1/2-1/2

[Event "NED-ch 1998 sf"]
[Site "Enschede"]
[Date "1998.01.10"]
[Round "8"]
[White "Mellegers, Joost"]
[Black "Perez Garcia, Hebert"]
[Result "1-0"]
[WhiteElo "2195"]
[BlackElo "2205"]
[PlyCount "57"]
[EventDate "1998.01.03"]
[Source "ChessBase"]
[SourceDate "1998.03.09"]

1. Nf3 c6 2. c4 f5 3. g3 Nf6 4. Bg2 d6 5. d4 Qc7 6. d5 g6 7. Nc3 Bg7 8. O-O O-O
9. Rb1 c5 10. b3 a6 11. Bb2 Nbd7 12. Ng5 Nb6 13. e4 fxe4 14. Ncxe4 Ne8 15. Qd3
Bf5 16. Ne6 Bxe6 17. dxe6 Nc8 18. f4 Na7 19. f5 Bxb2 20. Rxb2 Rxf5 21. Rxf5
gxf5 22. Ng5 Ng7 23. g4 Qa5 24. Re2 Rf8 25. Qh3 h5 26. gxh5 Qa3 27. Re1 Ne8 28.
h6 Nf6 29. Qxf5 1-0

[Event "NED-ch 1998 sf"]
[Site "Enschede"]
[Date "1998.01.11"]
[Round "9"]
[White "Barendse, Ted"]
[Black "Janssen, Gerard"]
[Result "1/2-1/2"]
[WhiteElo "2240"]
[BlackElo "2165"]
[PlyCount "54"]
[EventDate "1998.01.03"]
[Source "ChessBase"]
[SourceDate "1998.03.09"]

1. d4 Nf6 2. c4 c5 3. d5 b5 4. cxb5 a6 5. bxa6 g6 6. b3 d6 7. g3 Bg7 8. Bb2 O-O
9. Bg2 Nxa6 10. Nh3 Bb7 11. e4 Qd7 12. Nf4 Nxd5 13. Nd3 Bxb2 14. Nxb2 Nf6 15.
Nc3 Qe6 16. O-O Rab8 17. Re1 Nb4 18. Nd3 Ba6 19. Nxb4 Rxb4 20. Nd5 Rd4 21. Qc1
Nxd5 22. exd5 Qf6 23. Qe3 Re8 24. Rad1 Rxd1 25. Rxd1 e5 26. dxe6 Rxe6 27. Qf3
Qxf3 1/2-1/2

[Event "NED-ch 1998 sf"]
[Site "Enschede"]
[Date "1998.01.11"]
[Round "9"]
[White "Bosboom, Manuel"]
[Black "Hendriks, Willy"]
[Result "1/2-1/2"]
[WhiteElo "2450"]
[BlackElo "2345"]
[PlyCount "114"]
[EventDate "1998.01.03"]
[Source "ChessBase"]
[SourceDate "1998.03.09"]

1. d4 Nf6 2. Nf3 g6 3. c4 c5 4. d5 b5 5. Qc2 bxc4 6. e4 d6 7. Bxc4 Bg7 8. O-O
O-O 9. Nc3 Nbd7 10. a4 Nb6 11. Bb5 Bd7 12. a5 Bxb5 13. Nxb5 Nbd7 14. Bd2 Ng4
15. Rab1 Nde5 16. Nxe5 Nxe5 17. Bc3 Qd7 18. Na3 f5 19. f4 Ng4 20. Bxg7 Kxg7 21.
Rbe1 Nf6 22. exf5 gxf5 23. Qd3 Rf7 24. Nc4 Rg8 25. Re6 Kf8 26. Ne3 Qb7 27. b3
Rg6 28. a6 Qb6 29. Kh1 Ng4 30. Nc4 Qxa6 31. h3 Nf6 32. Kh2 Qb7 33. Ne3 Nxd5 34.
Rxg6 Nxe3 35. Rg3 Nxf1+ 36. Qxf1 Rg7 37. Rf3 Qe4 38. Qf2 Kg8 39. Qa2 h6 40.
Qxa7 Kh7 41. Qa2 d5 42. Qd2 d4 43. Rf2 e6 44. Re2 Qd5 45. Re5 Qxb3 46. Rxc5
Qg3+ 47. Kh1 d3 48. Rc6 Ra7 49. Rc1 Ra4 50. Rc7+ Kg6 51. Qc3 Qxf4 52. Rg7+ Kh5
53. Qf6 Qf1+ 54. Kh2 Qf4+ 55. Rg3 d2 56. Qg6+ Kh4 57. Qf6+ Kh5 1/2-1/2

[Event "NED-ch 1998 sf"]
[Site "Enschede"]
[Date "1998.01.11"]
[Round "9"]
[White "Ellenbroek, Ton"]
[Black "Bark, Eric"]
[Result "0-1"]
[WhiteElo "2090"]
[BlackElo "2210"]
[PlyCount "66"]
[EventDate "1998.01.03"]
[Source "ChessBase"]
[SourceDate "1998.03.09"]

1. d4 Nf6 2. c4 g6 3. Nc3 Bg7 4. e4 d6 5. f4 O-O 6. Nf3 Na6 7. Be2 e5 8. dxe5
dxe5 9. Qxd8 Rxd8 10. fxe5 Ng4 11. Bg5 Re8 12. Nd5 Nxe5 13. Nf6+ Bxf6 14. Bxf6
Ng4 15. Bc3 Nc5 16. Nd2 Na4 17. Bd4 c5 18. Bg1 Nf6 19. O-O-O Bd7 20. Bd3 Bc6
21. Bc2 Rad8 22. Re1 Nxb2 23. Bxc5 Nd3+ 24. Bxd3 Rxd3 25. e5 Nd7 26. Bxa7 Ra8
27. Be3 Rxa2 28. Bf4 Ba4 29. Re2 Nc5 30. Kb1 Rda3 31. Re3 Bc2+ 32. Kc1 Rxe3 33.
Bxe3 Nd3# 0-1

[Event "NED-ch 1998 sf"]
[Site "Enschede"]
[Date "1998.01.11"]
[Round "9"]
[White "Kamstra, Cor"]
[Black "Janssen, Ruud"]
[Result "0-1"]
[WhiteElo "2325"]
[BlackElo "2290"]
[PlyCount "36"]
[EventDate "1998.01.03"]
[Source "ChessBase"]
[SourceDate "1998.03.09"]

1. e4 e5 2. f4 d5 3. exd5 c6 4. Nc3 exf4 5. Nf3 Bd6 6. d4 Ne7 7. Bd3 cxd5 8.
O-O Nbc6 9. Ng5 h6 10. Nxf7 Kxf7 11. Bxf4 Bxf4 12. Rxf4+ Kg8 13. Qf3 Nb4 14.
Rf1 Be6 15. Rf7 Nxd3 16. Rxg7+ Kxg7 17. Qf6+ Kh7 18. Qxe6 Rf8 0-1

[Event "NED-ch 1998 sf"]
[Site "Enschede"]
[Date "1998.01.11"]
[Round "9"]
[White "Kerkmeester, Heico"]
[Black "Blokhuis, Jeroen"]
[Result "1/2-1/2"]
[WhiteElo "2250"]
[BlackElo "2205"]
[PlyCount "150"]
[EventDate "1998.01.03"]
[Source "ChessBase"]
[SourceDate "1998.03.09"]

1. d4 d5 2. Bg5 c6 3. e3 Qb6 4. b3 Bf5 5. Bd3 e6 6. Bxf5 exf5 7. Qd3 g6 8. h4
h5 9. Ne2 Nd7 10. f3 Ngf6 11. O-O Bg7 12. c4 a5 13. Nbc3 O-O 14. cxd5 Nxd5 15.
Nxd5 cxd5 16. Nc3 Nf6 17. Rac1 Rfd8 18. Rc2 Qa6 19. Qxa6 Rxa6 20. Rfc1 Bf8 21.
Nb5 Rb6 22. a4 Rd7 23. Rc8 Kg7 24. Ra8 Bb4 25. Rc7 Rxc7 26. Nxc7 Rc6 27. Bxf6+
Kxf6 28. Nxd5+ Ke6 29. Nxb4 axb4 30. Rb8 Rc3 31. Rxb7 Rxb3 32. e4 fxe4 33. fxe4
Rb2 34. a5 Ra2 35. Rxb4 Rxa5 36. Kf2 Ra3 37. Rb6+ Ke7 38. Rb2 Rd3 39. Rb7+ Ke6
40. d5+ Ke5 41. Re7+ Kf6 42. Re8 Kg7 43. Ke2 Rd4 44. Ke3 Rd1 45. Kf4 f6 46.
Re7+ Kf8 47. Rd7 Kg8 48. Rc7 Kf8 49. Ra7 Kg8 50. Ke3 Kf8 51. Rd7 Kg8 52. Rb7
Kf8 53. Rc7 Kg8 54. Rc2 Kf7 55. Rd2 Re1+ 56. Kd4 Ke7 57. Rc2 Rd1+ 58. Kc5 Kd7
59. Rc3 Re1 60. Kd4 Rd1+ 61. Rd3 Rh1 62. Rh3 Rd1+ 63. Ke3 Ke7 64. Kf4 Rf1+ 65.
Rf3 Rh1 66. Kg3 Rd1 67. Kf2 Rd4 68. Ke3 Rd1 69. Rf4 Rg1 70. Kf2 Rh1 71. g3 Rd1
72. g4 hxg4 73. Rxg4 f5 74. Ke2 Rxd5 75. exd5 fxg4 1/2-1/2

[Event "NED-ch 1998 sf"]
[Site "Enschede"]
[Date "1998.01.11"]
[Round "9"]
[White "Perez Garcia, Hebert"]
[Black "Plasman, Hans"]
[Result "1-0"]
[WhiteElo "2205"]
[BlackElo "2160"]
[PlyCount "67"]
[EventDate "1998.01.03"]
[Source "ChessBase"]
[SourceDate "1998.03.09"]

1. e4 e5 2. Nf3 Nc6 3. d4 exd4 4. c3 dxc3 5. Nxc3 Bb4 6. Bc4 d6 7. O-O Bxc3 8.
bxc3 Nf6 9. e5 Nxe5 10. Nxe5 dxe5 11. Qb3 Qe7 12. Ba3 c5 13. Bb5+ Kf8 14. f4 e4
15. f5 b6 16. Bc6 Rb8 17. Rad1 Bb7 18. Bxb7 Qxb7 19. Bxc5+ bxc5 20. Rd8+ Ke7
21. Qxb7+ Rxb7 22. Rxh8 Rb2 23. Rc8 Rxa2 24. Rxc5 Kd6 25. Rc8 e3 26. Re1 Kd5
27. Rc7 Ne4 28. Rxf7 Kc4 29. Rxg7 e2 30. Rxh7 Kxc3 31. Re7 Kd2 32. Rxe2+ Kxe2
33. Rxe4+ Kd3 34. Re1 1-0

[Event "NED-ch 1998 sf"]
[Site "Enschede"]
[Date "1998.01.11"]
[Round "9"]
[White "Van Baarle, John"]
[Black "Ernst, Sipke"]
[Result "0-1"]
[WhiteElo "2295"]
[BlackElo "2300"]
[PlyCount "106"]
[EventDate "1998.01.03"]
[Source "ChessBase"]
[SourceDate "1998.03.09"]

1. e4 c5 2. Nf3 e6 3. c3 Nf6 4. e5 Nd5 5. d4 cxd4 6. cxd4 Qc7 7. Bd2 d6 8. exd6
Bxd6 9. Nc3 Nxc3 10. bxc3 b6 11. Bd3 Bb7 12. O-O Nd7 13. Re1 O-O 14. h3 Rac8
15. c4 Rfd8 16. Qe2 Bf4 17. Be3 Nf6 18. Rad1 g6 19. Bxf4 Qxf4 20. Ne5 Rc7 21.
Qe3 Rxd4 22. Qxf4 Rxf4 23. Bc2 Rh4 24. Kh2 Ba6 25. g3 Rhxc4 26. Nxc4 Bxc4 27.
Bb3 Bxb3 28. axb3 a5 29. Rc1 Ra7 30. Ra1 Nd5 31. Kg2 h5 32. Kf3 Kf8 33. Ke4 Ke7
34. f4 Kd6 35. Rec1 Ra8 36. Rc2 b5 37. Kd4 h4 38. gxh4 Nxf4 39. Rca2 Rh8 40.
Rxa5 Rxh4 41. Rxb5 Nd5+ 42. Kd3 Rxh3+ 43. Kd2 Rh2+ 44. Kd3 Rh3+ 45. Kd2 g5 46.
Rb8 g4 47. b4 f5 48. b5 Rb3 49. Kc2 Rb4 50. Ra6+ Ke5 51. b6 g3 52. b7 g2 53.
Ra1 f4 0-1

[Event "NED-ch 1998 sf"]
[Site "Enschede"]
[Date "1998.01.11"]
[Round "9"]
[White "Van Haastert, Edwin"]
[Black "Mellegers, Joost"]
[Result "1/2-1/2"]
[WhiteElo "2335"]
[BlackElo "2195"]
[PlyCount "25"]
[EventDate "1998.01.03"]
[Source "ChessBase"]
[SourceDate "1998.03.09"]

1. e4 c5 2. Nf3 d6 3. d4 cxd4 4. Nxd4 Nf6 5. f3 e6 6. c4 Be7 7. Nc3 a6 8. Be3
O-O 9. Be2 b6 10. O-O Bb7 11. Qd2 Qc7 12. Rfc1 Nbd7 13. Rab1 1/2-1/2

[Event "NED-ch 1998 sf"]
[Site "Enschede"]
[Date "1998.01.11"]
[Round "9"]
[White "Van der Weide, Karel"]
[Black "De Boer, Sybolt"]
[Result "1/2-1/2"]
[WhiteElo "2450"]
[BlackElo "2285"]
[PlyCount "104"]
[EventDate "1998.01.03"]
[Source "ChessBase"]
[SourceDate "1998.03.09"]

1. e4 c5 2. Nf3 e6 3. d3 Nc6 4. g3 d5 5. Nbd2 g6 6. Bg2 Bg7 7. O-O Nge7 8. Re1
O-O 9. c3 h6 10. Qe2 b6 11. e5 g5 12. h4 gxh4 13. Nf1 Ng6 14. d4 cxd4 15. cxd4
f5 16. exf6 Qxf6 17. Be3 hxg3 18. fxg3 Nge7 19. Rad1 Nf5 20. Bf2 Qg6 21. Ne5
Nxe5 22. dxe5 Bd7 23. g4 Ne7 24. Bg3 Rac8 25. Rd2 Qg5 26. Nh2 Ng6 27. Qd1 Kh8
28. Kh1 Bb5 29. Rd4 Nh4 30. Nf3 Nxf3 31. Bxf3 Rf7 32. Kg2 Qg6 33. Rd2 Rfc7 34.
Bf4 Rc4 35. Kg3 Rf8 36. Rd4 Rc7 37. Qd2 Rc2 38. Qe3 Rxb2 39. Rh1 Kg8 40. Bxh6
Rxf3+ 41. Kxf3 Re2 42. Qg5 Qxg5 43. Bxg5 Rxa2 44. Bf6 Ra3+ 45. Kf4 Bf8 46. Kg5
Bc5 47. Rh8+ Kf7 48. Rh7+ Kf8 49. Rh8+ Kf7 50. Rh7+ Kf8 51. Rh8+ Kf7 52. Rh7+
Kf8 1/2-1/2

[Event "NED-ch 1998 sf"]
[Site "Enschede"]
[Date "1998.01.11"]
[Round "9"]
[White "Visser, Yge"]
[Black "Cifuentes Parada, Roberto"]
[Result "1/2-1/2"]
[WhiteElo "2360"]
[BlackElo "2535"]
[PlyCount "73"]
[EventDate "1998.01.03"]
[Source "ChessBase"]
[SourceDate "1998.03.09"]

1. e4 d6 2. d4 Nf6 3. Nc3 e5 4. dxe5 dxe5 5. Qxd8+ Kxd8 6. Bg5 Be6 7. Nf3 Nbd7
8. Be2 Kc8 9. Bh4 h6 10. Bg3 Bd6 11. Nd2 Nc5 12. O-O a5 13. Rfe1 Re8 14. Bf1 c6
15. Nc4 Bxc4 16. Bxc4 Re7 17. Rad1 Bc7 18. a4 Nfd7 19. Be2 Ne6 20. Bg4 Ra6 21.
b3 Nf6 22. Bf5 Kb8 23. Bxe6 Rxe6 24. Rd3 Ra8 25. f3 Bb6+ 26. Bf2 Bxf2+ 27. Kxf2
Kc7 28. Red1 Re7 29. Nb1 Nd7 30. Na3 Nb6 31. h4 h5 32. Rd6 Rae8 33. Ke2 Re6 34.
R6d2 R6e7 35. Rd6 Re6 36. R6d2 R6e7 37. Rd6 1/2-1/2